MARC

LEADER 00000nam0a2200000 4500
001 264400
005 20231101233829.0
010 |b 2000 экз. 
035 |a (RuTPU)RU\TPU\book\287391 
090 |a 264400 
100 |a 20140618d1935 m y0rusy50 ca 
101 0 |a rus 
102 |a RU 
105 |a ac z 001zb 
200 1 |a Письма А. П. Бородина. Вып. 2 (1872-1877)  |f А. П. Бородин  |g редакция, комментарии и примечания С. Дианина ; вступительная статья Г. Хубова 
210 |a Москва  |c Государственное музыкальное издательство  |d 1936 
215 |a 315 с.  |c портр. 
320 |a Примечания: с. 197-292 
320 |a Алф. указ. собственных имен и прозвищ: с. 293-307. 
600 1 |a Бородин  |b А. П.  |c композитор, химик  |c профессор Военно-медицинской академии, член "Могучей кучки"  |f 1833-1887  |g Александр Порфирьевич  |2 stltpush  |3 (RuTPU)RU\TPU\pers\11057  |9 2432 
606 1 |a Химики  |x Персоналии  |2 stltpush  |3 (RuTPU)RU\TPU\subj\69968  |9 84576 
610 1 |a химия 
610 1 |a русские ученые 
610 1 |a композиторы 
610 1 |a музыкальное творчество 
610 1 |a музыкальные деятели 
610 1 |a письма 
610 1 |a эпистолярное наследие 
610 1 |a Россия 
610 1 |a 19 век 
610 1 |a биографические сведения 
675 |a 54(092)  |v 3 
675 |a 78(092)  |v 3 
700 1 |a Бородин  |b А. П.  |c русский композитор  |c русский ученый-химик  |f 1833-1887  |g Александр Порфирьевич  |2 stltpush  |3 (RuTPU)RU\TPU\pers\11057 
702 1 |a Дианин  |b С.  |4 340 
702 1 |a Хубов  |b Г.  |4 080 
801 1 |a RU  |b 63413507  |c 20140618 
801 2 |a RU  |b 63413507  |c 20221124  |g RCR 
942 |c BK